000 00261 a2200121 4500
000 nam a22 7a 4500
020 _a9788126577040
100 _aBeaver,Kevin
_984
245 _aHacking for Dummies
250 _a6
260 _bApress
_c2018
264 _bApress
999 _c35940
_d35940